000 00449nam a22001817a 4500
003 Ost
005 20220829232016.0
008 220829b |||||||| |||| 00| 0 eng d
020 _aNA
040 _cBT-PhCST
050 _a4343
082 _222
_a621.312
100 _aTalyor, E. Openshaw and Rao, V. V. L.
245 _aUtilisation of electric energy in SI units /
260 _bOrient Longman,
_cc2003.
300 _a0
_bill. ;
942 _2ddc
_cEE
999 _c2409
_d2409